00526nam a2200181Ia 4500003000400000008004100004020001500045040001600060082002200076100002800098245005300126700002400179260004700203300002900250490002100279650002200300650002200322GCL140319s9999 xx 000 0 eng d a0679728252 aGCL / cGCL04a321.80420979bT D1 aTOCQUERVILLE, ALEXIS DE10aDEMOCRACY IN AMERICA / cTOCQUERVILLE, ALEXIS DE1 aBROOSTIN, DANIEL J. aنيويورك : bVINTAGE BOOKS ، c1990 a20 CM ؛ cV.1 ( 446 P ) aVINTAGE BOOKSv004aDEMOCRACY - U.S.A04aPOLITICAL SCIENCE